000 00624nam a22002297a 4500
003 UA-OsUOA
001 51773
007 ta
008 20141027b un ||||| |||| 00| 0 ukr d
090 _a061
942 _cBR
040 _aUA-OsUOA
_bukr
_cUA-OsUOA
_dUA-OsUOA
245 _aAcademia Scientiarum Mohylo-Mazepiana Ukrainensis 1938-1988
300 _a14 p.
955 _a4
041 _aukr
080 _a061
260 _bUMMAN
_c1988
650 7 _a0 Загальний відділ.
_2UDC
999 _c431897
_d431897